Statystyki dla Kraje Azji Po Angielsku

Kliknij tutaj aby rozwiązać quiz!

Ogólne statystyki

  • Ten quiz został rozwiązany 120 razy
  • Średni wynik to 9 z 10

Statystyki odpowiedzi

HintOdpowiedź% Poprawnych
ChinyChina
100%
IranIran
96%
LaosLaos
95%
ArmeniaArmenia
92%
TurcjaTurkey
91%
IndieIndia
90%
IndonezjaIndonesia
89%
IrakIraq
84%
GruzjaGeorgia
79%
TajlandiaThailand
72%

Rozkład punktacji

Percentyl według liczby udzielonych odpowiedzi

Procent ludzi z każdym wynikiem

Twoja historia wyników

Nie rozwiązałeś tego quizu